| 000 | 00542cas6a220016900 4500 | ||
|---|---|---|---|
| 001 | zam00003913 | ||
| 008 | 951212n xx eng u | ||
| 022 | _a0146-4965 | ||
| 035 | _a(Sirsi) r21220 | ||
| 050 | _aPR9344.5A4B8 | ||
| 245 | _aAFRICAN LITERATURE ASSOCIATION: ALA BULLETIN. | ||
| 260 |
_aWashington DC _b Literature Association _c 1996. |
||
| 310 | _aQuarterly. | ||
| 362 | _aVol.22, No.1, 1996 - Vol.26 No.2, 2002 | ||
| 520 | _aThe bulletin covers topics in african literary studies | ||
| 650 |
_aAfrican literature. _6S397.1 |
||
| 999 |
_c10249 _d10249 |
||